Statistics for Top 5 Songs On Blur (Blur)

Click here to take the quiz!

General Stats

  • This quiz has been taken 4 times
  • The average score is 3 of 5

Answer Stats

HintAnswer% Correct
656,238,416Song 2
100%
49,835,165Beetlebum
50%
6,057,019On Your Own
50%
3,648,526Country Sad Ballad Man
25%
7,857,130You're so Great
25%

Score Distribution

Percentile by Number Answered

Percent of People with Each Score

Your Score History

You have not taken this quiz